ロード中...
Student study guide with IBM® SPSS® workbook for research methods for the behavioral sciences
The Student Study Guide With IBM® SPSS® Workbook for Research Methods for the Behavioral Sciences, Third Edition by Gregory J. Privitera includes a review of chapter learning objectives, chapter summaries, and tips and cautions. To help students practice their skills, the guide offers quizzes and ex...
| 第一著者: | |
|---|---|
| フォーマット: | Printed Book |
| 出版事項: |
London
Sage
2020
|
| 版: | 3 |
| 主題: |
| LEADER | 01186cam a2200181 i 4500 | ||
|---|---|---|---|
| 020 | |a 9781544309873 | ||
| 082 | 0 | 0 | |a 519.5076 |b PRI/S |
| 100 | 1 | |a Privitera, Gregory J | |
| 245 | 1 | 0 | |a Student study guide with IBM® SPSS® workbook for research methods for the behavioral sciences |
| 250 | |a 3 | ||
| 260 | |a London |b Sage |c 2020 | ||
| 300 | |a xii, 227p. | ||
| 520 | |a The Student Study Guide With IBM® SPSS® Workbook for Research Methods for the Behavioral Sciences, Third Edition by Gregory J. Privitera includes a review of chapter learning objectives, chapter summaries, and tips and cautions. To help students practice their skills, the guide offers quizzes and exercises accompanied by answers keys; SPSS in Focus exercises with general instructions complement those in Privitera’s main text, Research Methods for the Behavioral Sciences, Third Edition. | ||
| 650 | 0 | |a Social sciences | |
| 650 | 0 | |a Psychology |a SPSS (Computer file) |a Social sciences--Statistical methods--Computer programs |a Research Methodology | |
| 942 | |c BK | ||
| 999 | |c 60009 |d 60009 | ||
| 952 | |0 0 |1 0 |4 0 |6 519_507600000000000_PRI_S |7 0 |9 67166 |a KUCL |c Stack |d 2020-11-24 |g 39.00 |l 0 |o 519.5076 PRI/S |p 50811 |r 2020-11-24 |w 2020-11-24 |y BK | ||